Культурные коды в процессе сохранения традиционных духовно-нравственных ценностей (Запись № 12754749)

Подробности
000 -МАРКЕР
контрольное поле 03170nam0a2200421 4500
001 - ИДЕНТИФИКАТОР ЗАПИСИ
контрольное поле RU\NLR\BIBL_A\022103714
005 - ИДЕНТИФИКАТОР ВЕРСИИ
контрольное поле 20240130153310.0
010 ## - МЕЖДУНАРОДНЫЙ СТАНДАРТНЫЙ НОМЕР КНИГИ (ISBN)
Номер (ISBN) 978-5-93530-602-1
Тираж 250
021 ## - НОМЕР ГОСУДАРСТВЕННОЙ РЕГИСТРАЦИИ
Код страны Российская Федерация
Номер КН-П-23-076111
Номер Листа государственной регистраци КН-П-23-7686
035 ## - ДРУГИЕ СИСТЕМНЫЕ НОМЕРА
Идентификатор записи (NLR Aleph) 022103714
035 ## - ДРУГИЕ СИСТЕМНЫЕ НОМЕРА
Идентификатор записи (RuMoRGB)012391594
100 ## - ДАННЫЕ ОБЩЕЙ ОБРАБОТКИ
Данные общей обработки 20231227d2023 k y0rusy50 ca
101 0# - ЯЗЫК РЕСУРСА
Язык текста, звукозаписи и т.д. русский
Язык резюме английский
102 ## - СТРАНА ПУБЛИКАЦИИ ИЛИ ПРОИЗВОДСТВА
Страна публикации Российская Федерация
105 ## - ПОЛЕ КОДИРОВАННЫХ ДАННЫХ: ТЕКСТОВЫЕ МАТЕРИАЛЫ, МОНОГРАФИЧЕСКИЕ
Кодированные данные о монографическом текстовом документе ac z 100yb
181 #0 - ПОЛЕ КОДИРОВАННЫХ ДАННЫХ: ВИД СОДЕРЖАНИЯ
Код вида содержания (ISBD) i3
Код характеристики содержания (ISBD) axxe
182 #0 - ПОЛЕ КОДИРОВАННЫХ ДАННЫХ: ТИП СРЕДСТВА
Код типа средства (ISBD) n - непосредственное
200 1# - ЗАГЛАВИЕ И СВЕДЕНИЯ ОБ ОТВЕТСТВЕННОСТИ
Основное заглавие Культурные коды в процессе сохранения традиционных духовно-нравственных ценностей
Сведения, относящиеся к заглавию материалы научной конференции, посвященной памяти доктора философских наук, профессора, заслуженного деятеля науки РФ Суханова Ивана Васильевича (Нижний Новгород, 24 октября 2023 года)
Первые сведения об ответственности Министерство науки и высшего образования Российской Федерации, Федеральное агентство морского и речного транспорта, Федеральное государственное бюджетное образовательное учреждение высшего образования "Волжский государственный университет водного транспорта"
Последующие сведения об ответственности редакционная коллегия: Ермаков С. А., д-р филос. наук, проф. (ответственный редактор) [и др.]
203 ## - ВИД СОДЕРЖАНИЯ И ТИП СРЕДСТВА
Вид содержания Текст
Дополнительные сведения об издании визуальный
Тип средства непосредственный
210 ## - ПУБЛИКАЦИЯ, РАСПРОСТРАНЕНИЕ И ДР.
Место издания, распространения и т.д. Нижний Новгород
Имя издателя, распространителя и т. д. Гладкова О. В.
Дата издания, распространения и т.д. 2023
215 ## - ФИЗИЧЕСКАЯ ХАРАКТЕРИСТИКА
Специфическое обозначение материала и объем 162 с.
Другие сведения о физической характеристике ил., портр., табл.
Размеры 21
300 ## - ОБЩИЕ ПРИМЕЧАНИЯ
Текст примечания Рез. англ.
320 ## - ПРИМЕЧАНИЯ О НАЛИЧИИ В ДОКУМЕНТЕ БИБЛИОГРАФИИ / УКАЗАТЕЛЯ
Текст примечания Библиогр. в конце ст. и в подстроч. примеч.
600 #1 - ИМЯ ЛИЦА КАК ПРЕДМЕТ
Начальный элемент ввода Суханов
Часть имени, кроме начального элемента ввода И.В.
Даты 1923 - 2000
Расширение инициалов личного имени Иван Васильевич
Формальный подзаголовок Съезды, совещания и т.п
Системный номер авторитетной/нормативной записи 2578219
Идентификатор авторитетной/нормативной записи RU\NLR\AUTH\6601735110
606 1# - НАИМЕНОВАНИЕ ТЕМЫ КАК ПРЕДМЕТ
Наименование темы Традиции в культуре
Формальный подзаголовок Съезды, совещания и т.п
Системный номер авторитетной/нормативной записи 1490284
Идентификатор авторитетной/нормативной записи RU\NLR\AUTH\66640475
686 1# - ИНДЕКСЫ ДРУГИХ КЛАССИФИКАЦИЙ
Индекс Ю3(2)7я431
686 1# - ИНДЕКСЫ ДРУГИХ КЛАССИФИКАЦИЙ
Индекс Т52(0)я431
686 1# - ИНДЕКСЫ ДРУГИХ КЛАССИФИКАЦИЙ
Индекс Т3(0)0-7я431
702 #1 - ИМЯ ЛИЦА - ВТОРИЧНАЯ ОТВЕТСТВЕННОСТЬ
Начальный элемент ввода Суханов
Часть имени, кроме начального элемента ввода И. В.
Даты 1923-2000
Расширение инициалов личного имени Иван Васильевич
Код отношения Объект посвящения
702 #1 - ИМЯ ЛИЦА - ВТОРИЧНАЯ ОТВЕТСТВЕННОСТЬ
Начальный элемент ввода Ермаков
Часть имени, кроме начального элемента ввода С. А.
Расширение инициалов личного имени Сергей Анатольевич
Код отношения Редактор
711 12 - НАИМЕНОВАНИЕ ОРГАНИЗАЦИИ - АЛЬТЕРНАТИВНАЯ ОТВЕТСТВЕННОСТЬ
Начальный элемент ввода "Культурные коды в процессе сохранения традиционных духовно-нравственных ценностей", научная конференция
Место проведения временной организации Нижний Новгород
Дата проведения временной организации 2023
Системный номер авторитетной/нормативной записи 874287
Идентификатор авторитетной/нормативной записи RU\NLR\AUTH\880602436
712 02 - НАИМЕНОВАНИЕ ОРГАНИЗАЦИИ - ВТОРИЧНАЯ ОТВЕТСТВЕННОСТЬ
Код отношения Прочие
Начальный элемент ввода Волжский государственный университет водного транспорта
Идентифицирующий признак Нижний Новгород
Системный номер авторитетной/нормативной записи 485424
Идентификатор авторитетной/нормативной записи RU\NLR\AUTH\880409775
942 ## - ДОПОЛНИТЕЛЬНЫЕ ЭЛЕМЕНТЫ ЗАПИСИ (АБИС)
Тип экземпляра АБИС Книга
980 ## - КОЛЛЕКЦИЯ
Название коллекции Национальная библиография
Экземпляры
Тип экземпляра Дата поступления Источник поступления Библиотека постоянного хранения Библиотека текущего хранения Место хранения Шифр хранения Штрих-код Статус экземпляра
Книга 27.12.2023 Обязательный экземпляр РНБ (Московский) РНБ (Московский) Русский книжный фонд: издания с 1957 года 2023-3/26880 1-4447099  
Книга 27.12.2023 Обязательный экземпляр РНБ (Московский) РНБ (Московский) Русский книжный фонд: издания с 1957 года 2023-3/26880 1-4447101